[Event "ESP-chT"]
[Site "Cordoba"]
[Date "1995.??.??"]
[Round "2"]
[White "Gallego, Victoriano"]
[Black "Garcia Ares, Felix"]
[Result "1-0"]
[WhiteElo "2355"]
[BlackElo "2090"]

1.d4 d5 2.c4 c6 3.Nf3 Nf6 4.Nc3 dxc4 5.a4 Bf5 6.e3 e6 7.Bxc4 Nbd7 8.O-O Be7
9.Qe2 Ne4 10.Bd3 Nxc3 11.bxc3 Bxd3 12.Qxd3 c5 13.e4 O-O 14.Bf4 Rc8 15.Qb5 b6
16.Rad1 Qe8 17.d5 exd5 18.exd5 Qd8 19.c4 Re8 20.Rfe1 Bf8 21.Rxe8 Qxe8 22.Re1 Qd8
23.Qa6 Ra8 24.Qb7 Qc8 25.Qc6 Qxc6 26.dxc6 Nf6 27.c7 Rc8 28.Rd1 Be7 29.h3 Kf8
30.Ne5 Ne8 31.Nc6 Nxc7 32.Rd7 Ne6 33.Nxe7 Ke8 34.Rxa7 Rd8 35.Be3 Rd7 36.Rxd7 Kxd7
37.Nd5 Kc6 38.Kf1 Nd8 39.Ke2 Nb7 40.Kd3 Nd6  1-0

[Event "ESP-chT"]
[Site "Cordoba"]
[Date "1995.??.??"]
[Round "4"]
[White "Rubio, JJ."]
[Black "Avila Jimenez, Javier"]
[Result "1-0"]
[WhiteElo "2270"]
[BlackElo "2190"]

1.d4 d5 2.c4 c6 3.Nc3 Nf6 4.Nf3 dxc4 5.a4 Bf5 6.Nh4 Bd7 7.e4 e5 8.Bxc4 Be7
9.dxe5 Ng4 10.Nf3 Qa5 11.Bf4 O-O 12.h3 Nh6 13.O-O Kh8 14.Qb3 Qb4 15.Bxh6 Qxb3
16.Bxg7+ Kxg7 17.Bxb3 Na6 18.Nd4 Bc5 19.Nf5+ Kg6 20.Nd6 Rab8 21.Rad1 Be6
22.Bxe6 fxe6 23.g3 b6 24.Kg2 Nb4 25.Ne2 Nc2 26.Nf4+ Kh6 27.Nxe6 Rxf2+ 28.Rxf2 Ne3+
29.Kh1 Nxd1 30.Nf7+ Kh5 31.Rf5+ Kg6 32.Rf6+  1-0

[Event "ESP-chT"]
[Site "Cordoba"]
[Date "1995.??.??"]
[Round "7"]
[White "Jose Abril, Ramon"]
[Black "Bueno Abalo, Manuel"]
[Result "1/2-1/2"]
[WhiteElo "2335"]
[BlackElo "2130"]

1.d4 d5 2.c4 c6 3.Nc3 Nf6 4.Nf3 dxc4 5.a4 Bf5 6.e3 e6 7.Bxc4 Bb4 8.O-O O-O
9.Nh4 Bg6 10.Nxg6 hxg6 11.Qc2 Nbd7 12.Rd1 Qe7 13.Na2 Bd6 14.e4 e5 15.f4 exd4
16.e5 Bc5 17.Qxg6 Nd5 18.Bxd5 cxd5 19.Qd3 a5 20.Qf3 Nb6 21.b3 f6 22.exf6 Rxf6
23.Bb2 Qe3+ 24.Qxe3 dxe3 25.Bxf6 gxf6 26.Kf1 Re8 27.Ke2 d4 28.Rac1 Rc8 29.Rc2 Rc6
30.Rdc1 Nd7 31.Rc4 Kf7 32.R1c2 Ke6 33.Kd3 Kd5 34.b4 Bb6 35.Rxc6 bxc6 36.h4 c5
37.b5 f5 38.h5 Bd8 39.Nc1 Nb6 40.Rxc5+ Kxc5 41.Nb3+ Kd5 42.Nxd4 e2 43.Nxe2 Nxa4
44.Ng3 Nc5+ 45.Kc2 Ke6 46.h6 Bf6 47.b6 Bh8 48.Kb1 Nb7 49.Ka2 Nd6 50.Kb3 Kd7
51.Ka4 Kc6 52.Kxa5 Bd4 53.Kb4 Kxb6 54.Kb3 Kc6 55.Kc2 Kd5 56.Kd3 Bh8 57.Ke3 Ke6
58.Kf3 Nf7 59.h7 Nh6 60.Nf1  1/2-1/2

[Event "CZE-chT 9495"]
[Site "?"]
[Date "1995.??.??"]
[Round "6"]
[White "Zvolanek, Libor"]
[Black "Trichkov, Vasil"]
[Result "0-1"]
[WhiteElo "2350"]
[BlackElo "2415"]

1.d4 Nf6 2.c4 c6 3.Nc3 d5 4.Nf3 dxc4 5.a4 Bf5 6.Nh4 Bg4 7.h3 Bd7 8.e4 e6
9.Nf3 b5 10.e5 Nd5 11.Ng5 h6 12.Nge4 Qb6 13.a5 Qc7 14.g4 Na6 15.f4 c5 16.dxc5 Nxc5
17.Nxc5 Bxc5 18.Bg2 Nxc3 19.bxc3 Bc6 20.Qe2 O-O 21.h4 Rad8 22.Rh3 Rd3 23.Rxd3 cxd3
24.Qf1 Bxg2 25.Qxg2 Bb4 26.Bd2 Bxc3 27.Rc1 Bxd2+ 28.Qxd2 Qd7 29.Qe3 Rd8 30.Kd2 Qd5  0-1

[Event "CZE-chT 9495"]
[Site "?"]
[Date "1995.??.??"]
[Round "7"]
[White "Nedela, Vlastimil"]
[Black "Trichkov, Vasil"]
[Result "0-1"]
[WhiteElo "2435"]
[BlackElo "2415"]

1.d4 Nf6 2.c4 c6 3.Nc3 d5 4.Nf3 dxc4 5.a4 Bf5 6.e3 e6 7.Bxc4 Bb4 8.O-O O-O
9.Qb3 Qb6 10.Nh4 Bg4 11.h3 Bh5 12.Na2 Be7 13.Qxb6 axb6 14.g4 Ne4 15.Ng2 Bg6
16.Bb3 Nd7 17.f3 Nd6 18.Nf4 e5 19.Nxg6 hxg6 20.Nc3 b5 21.Rd1 Rfd8 22.Bd2 exd4
23.exd4 Nc4 24.Be1 Nxb2 25.Rdb1 Nxa4 26.Bxa4 bxa4 27.Rxb7 Bf6 28.Rxa4 Rxa4
29.Nxa4 Bxd4+ 30.Kg2 Ne5 31.Bc3 Bxc3 32.Nxc3 Nxf3 33.Kxf3 Rd3+ 34.Kg2 Rxc3
35.Rb8+ Kh7 36.h4 g5 37.h5 g6 38.Rb7 gxh5 39.gxh5 Kh6 40.Rxf7 Kxh5 41.Rf8 Kg4
42.Rf2 c5 43.Kh2 c4 44.Kg2 Rd3 45.Ra2 Kf4 46.Kf2 g4 47.Ra4 g3+ 48.Ke2 Re3+
49.Kf1 Kf3 50.Ra1 c3 51.Rc1 Rd3  0-1

[Event "CZE-chT 9495"]
[Site "?"]
[Date "1995.??.??"]
[Round "10"]
[White "Jirovsky, Pavel"]
[Black "Voloshin, Leonid"]
[Result "1/2-1/2"]
[WhiteElo "2315"]
[BlackElo "2435"]

1.d4 d5 2.Nf3 Nf6 3.c4 c6 4.Nc3 dxc4 5.a4 Bf5 6.e3 e6 7.Bxc4 Bb4 8.O-O O-O
9.Qe2 Bg6 10.Ne5 Nbd7 11.Nxg6 hxg6 12.Rd1 Qe7 13.e4 e5 14.d5 Nb6 15.dxc6 bxc6
16.Bb3 Rab8 17.Bg5 Nbd7 18.Bc4  1/2-1/2

[Event "CZE-chT1c 9495"]
[Site "?"]
[Date "1995.??.??"]
[Round "4"]
[White "Kupka, Slavoj"]
[Black "Gibiec, Ernest"]
[Result "1/2-1/2"]
[WhiteElo "2360"]
[BlackElo "2250"]

1.d4 d5 2.Nf3 Nf6 3.c4 c6 4.Nc3 dxc4 5.a4 Bf5 6.e3 e6 7.Bxc4 Bb4 8.O-O O-O
9.Qe2 Bg4 10.h3 Bxf3 11.Qxf3 Nbd7 12.Rd1 Qe7 13.e4 e5 14.d5 a5 15.Bg5 h6
16.dxc6 hxg5 17.cxd7 Bxc3 18.bxc3 Nxd7 19.Bd5 Rab8 20.Rdb1 b6 21.g3 g6 22.Kg2 Kg7
23.Rb5 Rh8 24.Rab1 Rhc8 25.c4 Qf6 26.Qa3 Nc5 27.Rxc5 bxc5 28.Rb5 Rxb5 29.axb5 Qb6
30.Qa1 f6 31.Qd1 Rc7 32.Bc6 Re7 33.Qa1 Ra7 34.Qa4 Kf8 35.Bd5 Rd7 36.Qd1 Ra7
37.Qa4 Ke7 38.Bc6 Qd8 39.Bd5 Qd6 40.Bc6 Qd8 41.Bd5 Kf8 42.g4 Qb6 43.Kg3 Rd7
44.Kg2 Ke7 45.Qa1 Ra7 46.Qa4 Rd7 47.Qa1 Ra7  1/2-1/2

[Event "CZE-chT1c 9495"]
[Site "?"]
[Date "1995.??.??"]
[Round "9"]
[White "Jankovec, Ivan"]
[Black "Chura, Jan"]
[Result "0-1"]
[WhiteElo "2275"]
[BlackElo "2220"]

1.d4 d5 2.Nf3 Nf6 3.c4 c6 4.Nc3 dxc4 5.a4 Bf5 6.e3 e6 7.Bxc4 Bb4 8.O-O O-O
9.Qe2 Nbd7 10.e4 Bg4 11.e5 Nd5 12.Ne4 f5 13.Ng3 a5 14.h3 Bxf3 15.Qxf3 Qh4
16.Rd1 Nxe5 17.dxe5 Qxc4 18.Nf1 Qh4 19.Ne3 Rad8 20.Nc2 Bc5 21.Bd2 b6 22.Ne1 Bd4
23.Nd3 c5 24.Rab1 Qe4 25.Nf4 Qxf3 26.gxf3 Nxf4 27.Bxf4 Rd5 28.Rd2 Kf7 29.h4 Rfd8
30.Re1 R8d7 31.Rc2 Rc7 32.Bd2 Ke7 33.f4 Kd7 34.Rec1 Kc6 35.b3 Rdd7 36.Kg2 Rd8
37.Be1 h6 38.h5 g5 39.hxg6 Rg8 40.Kf3 Rxg6 41.Bd2 h5 42.b4 axb4 43.Bxb4 h4
44.a5 Kb7 45.Ba3 h3 46.Rb1 h2 47.Rcc1 Rh7 48.Rxb6+ Ka7 49.Bxc5 Bxc5 50.Rbb1 Rhg7  0-1

[Event "CZE-chT2"]
[Site "?"]
[Date "1995.??.??"]
[Round "?"]
[White "Marsalek, Zdenek"]
[Black "Snorek, Milan"]
[Result "0-1"]
[WhiteElo "2190"]
[BlackElo "2195"]

1.d4 Nf6 2.Nf3 d5 3.c4 c6 4.Nc3 dxc4 5.a4 Bf5 6.e3 e6 7.Bxc4 Bb4 8.O-O O-O
9.Qb3 Qe7 10.Nh4 Bg4 11.f3 Bh5 12.g3 Rd8 13.Na2 Ba5 14.Qc2 c5 15.dxc5 Qxc5
16.Bb3 Na6 17.Qxc5 Nxc5 18.Bc2 Nd3 19.Bxd3 Rxd3 20.b4 Bb6 21.Ng2 Nd5 22.Kf2 a5
23.Rb1 Rc8 24.Ke2 Rdc3 25.Rd1 Rc2+ 26.Rd2 Rxa2  0-1

[Event "CZE-chT2"]
[Site "?"]
[Date "1995.??.??"]
[Round "?"]
[White "Marsalek, Zdenek"]
[Black "Pacovsky, Jiri"]
[Result "1/2-1/2"]
[WhiteElo "2190"]
[BlackElo "2285"]

1.d4 d5 2.Nf3 c6 3.c4 Nf6 4.Nc3 dxc4 5.a4 Bf5 6.e3 e6 7.Bxc4 Bb4 8.O-O Nbd7
9.Qb3 a5 10.Nh4 Bg6 11.g3 Qc7 12.f3 O-O 13.e4 e5 14.Be3 Rad8 15.Ne2 exd4
16.Nxd4 Ne5 17.Rac1 Nxc4 18.Qxc4 Rd7 19.Ng2 Rfd8 20.Nf4 Bd2 21.Nc2 Bxc1 22.Rxc1 Qe5
23.b3 Ne8 24.Ne1 Nd6 25.Qc2 f6 26.Ned3 Qe8 27.Bb6 Ra8 28.Qc3 Nc8 29.Bxa5 Bf7
30.Bb4 Ne7 31.Nc5 Rc7 32.Ba5 Rcc8 33.Nxb7 Qd7 34.Nc5 Qa7 35.Bb4 Rab8 36.Nd3 Ng6
37.Kg2 Ne5 38.Nxe5 fxe5 39.Ba3 Re8 40.Rd1 Re7 41.b4 Qa8 42.Rd6 Rc8 43.Bb2 Qb8
44.Qd2 h6 45.Bc3 Kh7 46.Nd7 Qa7 47.a5 Rce8 48.Nc5 Qa8 49.Qd3 Qc8 50.Rd7 Be6
51.Rxe7 Rxe7 52.Qd6 Bh3+ 53.Kf2 Qe8 54.Nd3 Rd7 55.Qxe5 Qf7 56.Nf4 Qa2+ 57.Ne2 Qb1
58.g4 Rf7 59.Ke3 Bg2  1/2-1/2

[Event "CZE-chT2"]
[Site "?"]
[Date "1995.??.??"]
[Round "?"]
[White "Pinc, Miroslav"]
[Black "Snorek, Milan"]
[Result "0-1"]
[WhiteElo "2210"]
[BlackElo "2195"]

1.d4 Nf6 2.c4 c6 3.Nc3 d5 4.Nf3 dxc4 5.a4 Bf5 6.e3 e6 7.Bxc4 Bb4 8.O-O O-O
9.Na2 Bd6 10.b4 Qe7 11.Qb3 Nbd7 12.Ba3 Be4 13.Nc3 Bxf3 14.gxf3 Nd5 15.b5 f5
16.Bxd6 Qxd6 17.f4 Rf6 18.Ne2 Rh6 19.Qa3 c5 20.dxc5 Nxc5 21.Ng3 Nb6 22.Rfd1 Qe7
23.Qb4 Nxc4 24.Qxc4 Rg6 25.Rac1 b6 26.a5 h5 27.Kf1 Qh4 28.Ke2 Qg4+ 29.Ke1 h4
30.Nf1 Kh7 31.axb6 axb6 32.Qe2 Qh3 33.Rxc5 bxc5 34.b6 Qg2 35.Rb1 Qb7 36.Qb5 Rc8
37.Nd2 c4 38.Ke2 c3 39.Nf3 Rg2 40.Qd3 h3 41.Ng5+ Kg8 42.Nxe6 Rxh2 43.Nc7 Rxf2+
44.Kxf2 Qg2+ 45.Ke1 h2  0-1

[Event "CZE-chT1 9596"]
[Site "CZE"]
[Date "1995.??.??"]
[Round "?"]
[White "Marsalek, Zdenek"]
[Black "Pacovsky, Jiri"]
[Result "0-1"]
[WhiteElo "2190"]
[BlackElo "2285"]

1.d4 d5 2.Nf3 c6 3.c4 Nf6 4.Nc3 dxc4 5.a4 Bf5 6.e3 e6 7.Bxc4 Bb4 8.Qb3 a5
9.O-O Nbd7 10.Nh4 Bg6 11.g3 Qc7 12.Bd2 O-O 13.Rac1 e5 14.Nxg6 hxg6 15.Qc2 Kh7
16.Rfd1 exd4 17.exd4 Nb6 18.Bb3 Qd7 19.Qd3 Rad8 20.Qf3 Qg4 21.Qxg4 Nxg4 22.Bf4 Rd7
23.Ne4 Nd5 24.Bd2 Rfd8 25.Nc5 Bxd2 26.Rxd2 Re7 27.Kg2 Ngf6 28.h3 Nb4 29.Bc4 b6
30.Nb3 Nfd5 31.Kf3 Kg8 32.Kg2 Kf8 33.Re2 Rxe2 34.Bxe2 Ne7 35.Rc4 Nf5 36.Bf3 Rd6
37.Be4 Ke8 38.Kf1 Kd7 39.Bxf5+ gxf5 40.Rc3 Re6 41.Nd2 Nd5 42.Rf3 g6 43.Rb3 Kc7
44.h4 Nb4 45.Rc3 f6 46.Re3 Rxe3 47.fxe3 Nd3 48.b3 b5 49.Ke2 Nb2 50.e4 fxe4
51.Nxe4 bxa4 52.bxa4 Nxa4 53.Nxf6 Kd6 54.Kd3 Nb2+ 55.Kc3 Nd1+ 56.Kd3 Nf2+
57.Kc4 Ke7 58.Nh7 Ne4 59.g4 Kf7 60.d5 cxd5+ 61.Kxd5 a4 62.Kc4 Kg7  0-1

[Event "CZE-chT2b 9596"]
[Site "CZE"]
[Date "1995.??.??"]
[Round "?"]
[White "Slapak, Zdenek"]
[Black "Soukal, Rudolf"]
[Result "1-0"]
[WhiteElo "2205"]
[BlackElo "2265"]

1.d4 d5 2.Nf3 c6 3.c4 Nf6 4.Nc3 dxc4 5.a4 Bf5 6.Ne5 e6 7.f3 Nbd7 8.e4 Bg6
9.Nxc4 Be7 10.Be2 O-O 11.O-O Qc7 12.Be3 Rfd8 13.Qb3 h5 14.Bf2 Ne8 15.Bg3 Qc8
16.Rfd1 Nf8 17.Rac1 Bf6 18.Ne5 h4 19.Bf4 Bh5 20.g4 hxg3 21.hxg3 g5 22.Be3 Qc7
23.f4 Bxe2 24.Nxe2 Nh7 25.Kf2 Nd6 26.Qc2 gxf4 27.gxf4 Bh4+ 28.Kf3 f5 29.Rg1+ Ng5+
30.fxg5 fxe4+ 31.Kg4 Qh7 32.Rcf1 Rf8 33.Qb3 Rxf1 34.Rxf1 Re8 35.g6 Qe7 36.Rf7 Qd8
37.Bf4 Nf5 38.Qxb7 Be7 39.Nxc6 Nd6  1-0

[Event "Foment op"]
[Site "Foment"]
[Date "1995.??.??"]
[Round "3"]
[White "Comas Fabrego, Luis"]
[Black "Brugarolas, Carlos"]
[Result "1-0"]
[WhiteElo "2490"]
[BlackElo "2045"]

1.d4 d5 2.c4 c6 3.Nf3 Nf6 4.Nc3 dxc4 5.a4 Bf5 6.e3 e6 7.Bxc4 Bb4 8.O-O Nbd7
9.Qe2 O-O 10.Ne5 Nxe5 11.dxe5 Bxc3 12.bxc3 Ne4 13.Ba3 Re8 14.Rfc1 Qh4 15.f3 Nd2
16.Ba2 Qxa4 17.Bd6 Nxf3+ 18.gxf3 Qh4 19.Bb1 Bh3 20.Kh1 a5 21.Be4 a4 22.Rcb1 a3
23.Rxb7 a2 24.Rb2 Red8 25.Rbxa2 Rxa2 26.Qxa2 Qg5 27.Qf2  1-0

[Event "Gausdal Masters"]
[Site "Gausdal"]
[Date "1995.??.??"]
[Round "?"]
[White "Djurhuus, Rune"]
[Black "Johannessen, Svein"]
[Result "1-0"]
[WhiteElo "2495"]
[BlackElo "2310"]

1.d4 d5 2.c4 c6 3.Nf3 Nf6 4.Nc3 dxc4 5.a4 Bf5 6.e3 e6 7.Bxc4 Bb4 8.O-O Nbd7
9.Qe2 O-O 10.e4 Bg4 11.Rd1 Qa5 12.e5 Nd5 13.Nxd5 cxd5 14.Bd3 f6 15.exf6 Nxf6
16.h3 Bxf3 17.Qxf3 Ne4 18.Qh5 g6 19.Qe5 Nxf2 20.Qxe6+ Kg7 21.Qe5+ Kg8 22.Bh6 Rf7
23.Bf5 gxf5 24.Kxf2 Re7 25.Qg3+ Kh8 26.Bf4  1-0

[Event "Gausdal Int"]
[Site "Gausdal"]
[Date "1995.??.??"]
[Round "5"]
[White "Fyllingen, Roy Harald"]
[Black "Johansen, T."]
[Result "0-1"]
[WhiteElo "2390"]
[BlackElo "2285"]

1.d4 d5 2.Nf3 Nf6 3.c4 c6 4.Nc3 dxc4 5.a4 Bf5 6.e3 e6 7.Bxc4 Bb4 8.O-O O-O
9.h3 Nbd7 10.Qe2 Bg6 11.Rd1 Qe7 12.Nh4 e5 13.Nxg6 hxg6 14.d5 cxd5 15.Nxd5 Nxd5
16.Bxd5 Nf6 17.Bc4 Rfd8 18.Bd2 Bxd2 19.Rxd2 Rxd2 20.Qxd2 Rd8 21.Qc2 Qb4 22.Ba2 e4
23.Rc1 Rd2 24.Qc8+ Kh7 25.Bxf7 Qxb2 26.Rf1 Qb4 27.Qb8 Qe7 28.Bb3 Rb2 29.Bc4 Qb4
30.Qe5 Rd2 31.Bf7 Rd7 32.Be6 Qe7 33.f4 exf3 34.Rxf3 Rd1+ 35.Kh2 Qd6 36.Qxd6 Rxd6
37.Bc8 b6 38.Kg3 Ne4+ 39.Kf4 Nc5 40.e4 Rd4 41.Re3 Rxa4 42.g4 Rd4 43.g5 a5
44.Ke5 Rd8 45.Bg4 b5 46.Rc3 Nd3+ 47.Ke6 b4 48.Rc7 b3 49.Rb7 Nc5+  0-1

[Event "Troll Masters"]
[Site "Gausdal"]
[Date "1995.??.??"]
[Round "5"]
[White "Giddins, Stephen"]
[Black "Tisdall, Jonathan D"]
[Result "1/2-1/2"]
[WhiteElo "2290"]
[BlackElo "2470"]

1.d4 d5 2.c4 c6 3.Nf3 Nf6 4.Nc3 dxc4 5.a4 Bf5 6.e3 e6 7.Bxc4 Bb4 8.O-O O-O
9.Qe2 Bg6 10.Ne5 Nbd7 11.Nxg6 hxg6 12.Rd1 Qa5 13.Bd2 Rad8 14.Bb3 c5 15.Be1 cxd4
16.exd4 Nb6 17.Rac1 Qh5 18.Qxh5 Nxh5  1/2-1/2

[Event "Geneve op"]
[Site "Geneve"]
[Date "1995.??.??"]
[Round "1"]
[White "Khenkin, Igor"]
[Black "Coppini, Giorgio"]
[Result "1-0"]
[WhiteElo "2530"]
[BlackElo "2255"]

1.d4 d5 2.c4 c6 3.Nf3 Nf6 4.Nc3 dxc4 5.a4 Bf5 6.Nh4 e6 7.Nxf5 exf5 8.e3 Bd6
9.Bxc4 O-O 10.Qf3 g6 11.h3 h5 12.O-O a5 13.e4 Nxe4 14.Nxe4 fxe4 15.Qxe4 Qf6
16.Bh6 Rc8 17.f4 Nd7 18.Bg5 Qg7 19.f5 Re8 20.Qh4 Rf8 21.fxg6 Qxg6 22.Rf3 Rae8
23.Bd3 f5 24.Raf1 Re4 25.Bxe4 fxe4 26.Rxf8+ Bxf8 27.Re1 c5 28.d5 Nb6 29.Qxe4 Qxg5
30.Qe6+ Kh7 31.Qxb6 Qxd5 32.Qf6 Bd6 33.Rf1 b6 34.Qf7+ Qxf7 35.Rxf7+ Kg6 36.Rb7 c4
37.Rxb6  1-0

[Event "Geneve op"]
[Site "Geneve"]
[Date "1995.??.??"]
[Round "3"]
[White "Razuvaev, Yuri S"]
[Black "Ekstroem, Roland"]
[Result "1-0"]
[WhiteElo "2580"]
[BlackElo "2430"]

1.d4 d5 2.c4 c6 3.Nf3 Nf6 4.Nc3 dxc4 5.a4 Bf5 6.e3 e6 7.Bxc4 Bb4 8.O-O Nbd7
9.Qe2 Bg6 10.e4 Bxc3 11.bxc3 Nxe4 12.Ba3 Qc7 13.Rfc1 O-O-O 14.a5 Rhe8 15.Qb2 Kb8
16.Nh4 Ndf6 17.g3 Bh5 18.Rab1 Ka8 19.Bf1 g5 20.Ng2 Bg6 21.Ne3 Nd5 22.Nc4 Ndxc3
23.Ra1 Nb5 24.Nb6+ Kb8 25.Bxb5 axb6 26.Bb4 Rd5 27.Bc4 bxa5 28.Bxd5 axb4 29.Bxe4 Bxe4
30.Qxb4 Rd8 31.Ra4 Kc8 32.Ra8+ Kd7 33.Rxd8+ Qxd8 34.Qxb7+ Qc7 35.Qa8 Ke7
36.Ra1 Kf6 37.Ra7 Qb6 38.Rb7  1-0

[Event "Geneve op"]
[Site "Geneve"]
[Date "1995.??.??"]
[Round "8"]
[White "Cvitan, Ognjen"]
[Black "Hector, Jonny"]
[Result "1-0"]
[WhiteElo "2520"]
[BlackElo "2540"]

1.d4 d5 2.c4 c6 3.Nf3 Nf6 4.Nc3 dxc4 5.a4 Bf5 6.Ne5 e6 7.f3 Bb4 8.e4 Bxe4
9.fxe4 Nxe4 10.Bd2 Qxd4 11.Nxe4 Qxe4+ 12.Qe2 Bxd2+ 13.Kxd2 Qd5+ 14.Kc3 O-O
15.Qe3 b5 16.Be2 f6 17.Nxc4 bxc4 18.Bxc4 Qa5+ 19.b4 Qc7 20.Qxe6+ Kh8 21.Rhd1 a5
22.b5 cxb5 23.axb5 Na6 24.bxa6 Rfe8 25.Rd7 Qxh2 26.Qg4 Qe5+ 27.Kc2 f5 28.Qd4 Qg3
29.Rd1 Rac8 30.Rd2 h6 31.a7 Kh7 32.Kb2 Re4 33.Qd5 Qg6 34.Bb5 Rb4+ 35.Ka2 Qg4
36.Rxg7+ Kxg7 37.Qd7+ Kf6 38.Qxc8  1-0

[Event "BL2-W9495"]
[Site "Germany"]
[Date "1995.??.??"]
[Round "?"]
[White "Belov, Igor"]
[Black "Haba, Petr"]
[Result "1/2-1/2"]
[WhiteElo "2430"]
[BlackElo "2505"]

1.Nf3 d5 2.d4 Nf6 3.c4 c6 4.Nc3 dxc4 5.a4 Bf5 6.e3 e6 7.Bxc4 Bb4 8.O-O O-O
9.Qe2 Ne4 10.Na2 Be7 11.Bd3 c5 12.Nc3 Nxc3 13.bxc3 Bxd3 14.Qxd3 Nc6 15.e4 cxd4
16.cxd4 Bf6 17.Rd1 Qd7 18.Bg5 Bxg5 19.Nxg5 h6 20.Nf3 Rad8 21.Qb3 f5 22.Ne5 Nxe5
23.dxe5 Qf7 24.Rxd8  1/2-1/2

[Event "BL2-W9495"]
[Site "Germany"]
[Date "1995.??.??"]
[Round "?"]
[White "Stoering, Volker"]
[Black "Gawehns, Klaus"]
[Result "0-1"]
[WhiteElo "2320"]
[BlackElo "2360"]

1.d4 d5 2.c4 c6 3.Nf3 Nf6 4.Nc3 dxc4 5.a4 Bf5 6.e3 e6 7.Bxc4 Bb4 8.O-O O-O
9.Qe2 Nbd7 10.Ne5 h6 11.Nd3 Bxd3 12.Qxd3 e5 13.Rd1 Qe7 14.Qf5 Rad8 15.a5 Rfe8
16.Bd2 Bd6 17.d5 e4 18.dxc6 bxc6 19.Be2 Nc5 20.Bc4 Qc7 21.g3 Re5 22.Qh3 Ne6
23.Bxe6 Rxe6 24.Ne2 Be5 25.Bc3 Rxd1+ 26.Rxd1 Bxc3 27.bxc3 Qxa5 28.Nd4 Rd6
29.Rb1 Qc7 30.c4 a6 31.c5 Rd5 32.Qf1 Rxc5 33.Qxa6 Qd7 34.Rb8+ Kh7 35.Qc8 Rc1+
36.Kg2 c5 37.Nf5 Qd1 38.Qh8+ Kg6 39.Nh4+ Kh5 40.Kh3 Qf1+ 41.Ng2 g5  0-1

[Event "Oberliga Ost C9495"]
[Site "Germany"]
[Date "1995.??.??"]
[Round "?"]
[White "Lex, Christoph"]
[Black "Beck, Daniel"]
[Result "1-0"]
[WhiteElo "2245"]
[BlackElo "2180"]

1.d4 Nf6 2.Nf3 d5 3.c4 dxc4 4.Nc3 c6 5.a4 Bf5 6.Ne5 Nbd7 7.Nxc4 g6 8.f3 Nb6
9.e4 Be6 10.Ne5 a5 11.d5 Bd7 12.Qb3 c5 13.Be3 Rc8 14.Nb5 Bg7 15.Na7 Ra8 16.Bxc5 Qb8
17.d6 Be6 18.Qxb6 O-O 19.Nb5 Ra6 20.Qc7 Qa8 21.d7 Nxe4 22.fxe4 b6 23.Nc3 Ra7
24.Qxb6 Rb7 25.Qa6 Rxb2 26.Qxa8 Rxa8 27.O-O-O Rbb8 28.Nb5 Bxe5 29.Bxe7  1-0

[Event "Landesliga S9495 Bayern"]
[Site "Germany"]
[Date "1995.??.??"]
[Round "4"]
[White "Ploehn, Heiko"]
[Black "Gesing, Oliver"]
[Result "0-1"]
[WhiteElo "2155"]
[BlackElo "2150"]

1.d4 d5 2.c4 c6 3.Nf3 Nf6 4.Nc3 dxc4 5.a4 Bf5 6.e3 e6 7.Bxc4 Bb4 8.O-O Nbd7
9.Na2 Be7 10.Qe2 O-O 11.Nc3 Bg4 12.h3 Bxf3 13.Qxf3 e5 14.Ba2 Qc7 15.dxe5 Nxe5
16.Qe2 Rad8 17.e4 Nd3 18.Be3 Bc5 19.Bxc5 Nxc5 20.Bb1 Nb3 21.Ra3 Rd2 22.Qe3 Rxb2
23.e5 Re8 24.f4 Nd2 25.Rd1 Nc4 26.Qg3 Qb6+ 27.Kh1 Nh5 28.Bxh7+ Kxh7 29.Qd3+ Kg8
30.Qxc4 Qf2 31.Rg1 Qxf4 32.Qxf4 Nxf4 33.Nd1 Rd2 34.Re3 Nd3  0-1

[Event "Landesliga S9495 Bayern"]
[Site "Germany"]
[Date "1995.??.??"]
[Round "6"]
[White "Katzer, Joachim"]
[Black "Strangmueller, Andreas"]
[Result "0-1"]
[WhiteElo "2020"]
[BlackElo "1900"]

1.d4 d5 2.c4 c6 3.Nf3 Nf6 4.Nc3 dxc4 5.a4 Bf5 6.Ne5 e6 7.f3 c5 8.e4 cxd4
9.exf5 Nc6 10.Nxc6 bxc6 11.fxe6 fxe6 12.Bxc4 dxc3 13.Qxd8+ Rxd8 14.Bxe6 cxb2
15.Bxb2 Bb4+ 16.Kf1 Ke7 17.Bb3 Rhe8 18.Rd1 Rxd1+ 19.Bxd1 Rd8 20.Bxf6+ Kxf6
21.Kf2 Rd2+ 22.Ke3 Rxg2 23.Be2 Bc5+ 24.Kd3 Rg1 25.Rxg1 Bxg1 26.h4 Bf2 27.Kc4 Bxh4
28.Kc5 Bf2+ 29.Kxc6 h5 30.Ba6 Kf5 31.Kd5 Kf4 32.Ke6 h4 33.Bf1 Kxf3 34.Kf5 Kg3
35.Bb5 h3 36.Bc6 h2 37.Kg5 Bd4 38.Kh5 Kf2 39.Kg4 Kg1 40.Kh3 h1=Q+ 41.Bxh1 Kxh1
42.Kg4 Kg2  0-1

[Event "Graz op"]
[Site "Graz"]
[Date "1995.??.??"]
[Round "4"]
[White "Kaminik, Aleksandar"]
[Black "Kainrath, Florian"]
[Result "1-0"]
[WhiteElo "2230"]
[BlackElo "2085"]

1.d4 d5 2.c4 dxc4 3.Nf3 Nf6 4.Nc3 c6 5.a4 Bf5 6.e3 e6 7.Bxc4 Bb4 8.O-O Nbd7
9.Qb3 a5 10.Na2 Be7 11.Nh4 Bg6 12.f3 Qc7 13.g3 c5 14.Nc3 cxd4 15.Nb5 Qb6
16.exd4 O-O 17.Nxg6 hxg6 18.Be3 Rac8 19.Rac1 Qd8 20.Bxe6 Rxc1 21.Rxc1 fxe6
22.Nc7 Nc5 23.dxc5 Qxc7 24.Qxe6+ Rf7 25.c6 bxc6 26.Rxc6 Qd7 27.Rc8+ Bf8 28.Qxd7 Nxd7
29.Ra8 Rxf3 30.Bd4 Rf5 31.b4 axb4 32.a5 Kh7 33.a6 b3 34.a7 Ra5 35.Rb8 Rxa7
36.Rxb3 Nf6 37.Bxa7 Ne4 38.Rb5 Nc3 39.Rb7 Ne4 40.Rc7 Bd6 41.Rc6 Be5 42.Kg2 Bf6
43.h4 Kg8 44.Kf3 Nc3 45.Bf2 Kf7 46.g4 Nd5 47.g5 Bb2 48.Bc5 Ba1 49.Ke4 Nc3+
50.Kd3 Nd5 51.Ke4 Nc3+ 52.Kd3 Nd5 53.Rd6  1-0

[Event "Groningen op"]
[Site "Groningen"]
[Date "1995.??.??"]
[Round "?"]
[White "Shipov, Sergei"]
[Black "Hetey, Laszlo"]
[Result "1/2-1/2"]
[WhiteElo "2510"]
[BlackElo "2290"]

1.d4 d5 2.c4 c6 3.Nf3 Nf6 4.Nc3 dxc4 5.a4 Bf5 6.Ne5 e6 7.g3 Bb4 8.Bg2 Nbd7
9.Nxc4 O-O 10.O-O a5 11.Qb3 Nb6 12.Rd1 Nxc4 13.Qxc4 Bc2 14.Re1 Qb6  1/2-1/2

[Event "Hajduboszormeny Knockout"]
[Site "Hajduboszormeny"]
[Date "1995.??.??"]
[Round "2"]
[White "Mester, Gyula"]
[Black "Gemesi, Andras"]
[Result "1-0"]
[WhiteElo "2340"]
[BlackElo "2195"]

1.d4 d5 2.c4 c6 3.Nf3 Nf6 4.Nc3 dxc4 5.a4 Bf5 6.Ne5 e6 7.e3 Bb4 8.Bxc4 Ne4
9.Qb3 Qe7 10.O-O Bd6 11.f3 Nc5 12.Qd1 Ncd7 13.Nxd7 Nxd7 14.e4 Qh4 15.f4 Bg4
16.Qe1 Qxe1 17.Rxe1 Nb6 18.Bb3 Bh5 19.h3 h6 20.g4 Bg6 21.f5 Bh7 22.a5 Nd7
23.e5 Be7 24.fxe6 fxe6 25.Bxe6 Nf8 26.Bf5 g6 27.Be4 O-O-O 28.a6 Ne6 29.axb7+ Kxb7
30.d5 Bh4 31.Rf1  1-0

[Event "Wch U20 Girls"]
[Site "Halle"]
[Date "1995.??.??"]
[Round "8"]
[White "Khurtsidze, Nino"]
[Black "Gaponenko, Inna"]
[Result "1-0"]
[WhiteElo "2295"]
[BlackElo "2365"]

1.d4 d5 2.Nf3 Nf6 3.c4 c6 4.Nc3 dxc4 5.a4 Bf5 6.Ne5 e6 7.f3 Bb4 8.e4 Bxe4
9.fxe4 Nxe4 10.Bd2 Qxd4 11.Nxe4 Qxe4+ 12.Qe2 Bxd2+ 13.Kxd2 Qd5+ 14.Kc2 Na6
15.Nxc4 O-O-O 16.Qe3 c5 17.Ne5 Nb4+ 18.Kc3 f6 19.Nd3 Na2+ 20.Rxa2 Qxa2 21.Nxc5 Qb1
22.Rg1 Kb8 23.Bc4 Qf5 24.Nxe6 Rc8 25.Qg3+ Qe5+ 26.Qxe5+ fxe5 27.Re1 Rhe8
28.Rxe5 Re7 29.b3 Rf7 30.Nc5 Rf2 31.Be6 Re8 32.Rg5 g6 33.Nd3 Re2 34.Bd5 Rc8+
35.Kd4 Rd8 36.h4 Rd2 37.Ke3 Rd1 38.Re5 Rh1 39.g3 Rg1 40.Kf2 Rd1 41.Nf4 Rc8
42.Re7 Rc7 43.Re8+ Rc8 44.Rxc8+ Kxc8 45.Bg8 Rd2+ 46.Kf3 Rb2 47.Kg4 Kd7 48.Bxh7 Rxb3
49.Bxg6 b5 50.Bf7 Rb1 51.axb5 Rxb5 52.Ng6 Rb2 53.h5 Rh2 54.Kg5 a5 55.h6 a4
56.Nh4  1-0

[Event "Helsinki-ch"]
[Site "Helsinki"]
[Date "1995.??.??"]
[Round "?"]
[White "Koskinen, Henri"]
[Black "Issakainen, Ari"]
[Result "0-1"]
[WhiteElo "2260"]
[BlackElo "2250"]

1.d4 d5 2.c4 c6 3.Nf3 Nf6 4.Nc3 dxc4 5.a4 Bf5 6.e3 e6 7.Bxc4 Bb4 8.O-O Nbd7
9.Qe2 O-O 10.e4 Bg6 11.Bd3 Bh5 12.e5 Nd5 13.Ne4 Be7 14.Ng3 Bg6 15.Bxg6 fxg6
16.a5 Rc8 17.Ne4 h6 18.Ne1 Rf5 19.Nd3 b6 20.Bd2 c5 21.axb6 axb6 22.dxc5 Nxc5
23.Ng3 Rf7 24.Nxc5 Bxc5 25.Qg4 Qd7 26.Rad1 Kh7 27.h4 Rcf8 28.Ne4 Rf5 29.Nxc5 bxc5
30.Qe4 Qf7 31.Be3 Qe7 32.g3 Qc7 33.f4 Rb8 34.Rd2 Rb4 35.Qd3 Qb6 36.Bf2 Qb7
37.Kh2 Rxb2 38.Bxc5 Rb3 39.Qe2 Nc3 40.Qg2 Ne4 41.Rd7 Qxd7 42.Qxe4 Qb5 43.Rc1 Qd3
44.Qxd3 Rxd3 45.Be7 Rd7 46.Bd6 Rff7 47.Kh3 Rb7 48.Rc3 Rb1 49.Kg2 Rfb7 50.Re3 R7b2+
51.Kf3 Rb3 52.Rxb3 Rxb3+ 53.Kg4 Kg8 54.Bc5 Kf7 55.Bd6 Ke8 56.Bc5 Kd7 57.Bf8 h5+
58.Kh3 Kc6 59.Bxg7 Kd5 60.Bf8 Ke4 61.Bc5 Kf3  0-1

[Event "Hlohovec op"]
[Site "Hlohovec"]
[Date "1995.??.??"]
[Round "?"]
[White "Priehoda, Vitezslav"]
[Black "Kolesar, Milan"]
[Result "1/2-1/2"]
[WhiteElo "2400"]
[BlackElo "2255"]

1.d4 d5 2.c4 c6 3.Nf3 Nf6 4.Nc3 dxc4 5.a4 Bf5 6.Ne5 e6 7.f3 Bb4 8.Bg5 h6
9.Bh4 c5 10.dxc5 Qxd1+ 11.Kxd1 Nbd7 12.Nxd7 O-O-O 13.e4 Rxd7+ 14.Kc2 Bh7
15.c6 bxc6 16.Bxc4 Kb7 17.Rhd1 Rhd8 18.Rxd7+ Rxd7 19.Bf2 Bd6 20.a5 Bf4 21.Bd3 Rd8
22.a6+ Kb8 23.g3 Bd6 24.Rd1 Bc7 25.Na4 Nd7 26.Nc5 Ne5 27.Be2 Rxd1 28.Kxd1 g5
29.Bd4 Kc8 30.Nd3 Nxd3 31.Bxd3 Bb6 32.Bf6 Bg6 33.Kc2 Bd8 34.Bg7 h5 35.h3 Bc7
36.g4 Bf4 37.Bd4 Bb8 38.Bf6 Bf4 39.Kc3 Bc1 40.Kb4 Be3 41.Be5 Kd7 42.Bc2 hxg4
43.hxg4 Ke7 44.Ba4 f6 45.Bc3 Be8 46.Kc4 e5 47.Ba5 Bd4 48.b3 Bd7 49.Bb4+ Ke6
50.Bc5 Bc8 51.Bxc6 Bxa6+ 52.Bb5 Bxc5 53.Kxc5 Bb7 54.b4 Bc8 55.Bc6 Ba6 56.b5 Bc8
57.Be8 Bb7 58.Bg6 Kd7 59.Bf5+ Kc7 60.Be6 Ba8 61.Bd5 Bb7 62.Kb4 Bc8 63.Kc5 Bd7
64.Bf7 Bc8 65.Bc4 Bd7 66.Bf7 Bc8 67.Bd5 Bd7 68.Bc4 Bc8 69.Kd5 Bd7 70.Kc5  1/2-1/2